Quizzes
Events
Quiz Creation
Community
Videos
Private Events
Remove Ads
Sign In
Join for FREE
Feedback
Dark Mode
Quiz Categories
Sports
Geography
Music
Movies
Television
Just For Fun
Miscellaneous
History
Literature
Language
Science
Gaming
Entertainment
Religion
Holiday
For Kids
Quiz Lab
Recent
Popular Today
Quiz Kudos Today
Editor Picks
Curator Picks
Quizzes by...
Day
Popularity
Type
Ratings
Length
Year
Community
Subscriptions
Recent Discussions
Orange Saloon
Badges
Playlists
Quests
Create
Leaderboards
Showdown
Live 5
Trivia Bingo
Activity
Puzzle Library
Sporcle Events
Private Events
Virtual Trivia
Globe League
Become a Host
Pub Owners
SporcleCon
Opinionation
Our Games
Videos
Blog
Mobile Apps
Partnerships
Remove Ads and Go Orange
Feedback
Miscellaneous
Crossword
General Knowledge
Baby Names
Logo
Food
Cars
Numbers
Grab Bag
University
College
Popular
Company
Slogans
Restaurants
Justice
Letter
Miscellaneous
Crossword
General Knowledge
Baby Names
Logo
Food
Cars
Numbers
Grab Bag
University
College
Popular
Company
Slogans
Restaurants
Justice
Letter
Random Quiz
Search Sporcle
×
Quiz Lab
Quiz Lab
Miscellaneous
Style
Type in answers that appear in a list
Type in answers that appear in a list
Classic
Best Score? Go Orange.
List of Suzuki Cars 1980- Stats
Can you name the List of Suzuki Cars 1980-?
By
larryq
20m
19 Questions
122 Plays
122 Plays
122 Plays
Comments
Comments
Give Quiz Kudos
Give Quiz Kudos
-
- Ratings
hide this ad
Replay
Link that replays current quiz
Next Quiz
Link to next quiz in quiz playlist
You Got
0%
They Got
Avg Score
65%
Avg Friend Score
Upgrade to see
Score Distribution
Jump to the score distribution portion of the page
Score
0/19
Timer
20:00
0
Plays Today
Body Style
Answer
% Correct
SUV
Vitara
82.8%
Hatchback
Swift
82%
Sedan
Swift
82%
SUV
Grand Vitara
79.5%
SUV
Samurai
73.8%
Hatchback
SX4
73%
Sedan
SX4
73%
Sedan
Kizashi
68%
SUV
XL7
62.3%
Pickup
Equator
61.5%
Body Style
Answer
% Correct
Sedan/
Wagon
Esteem
60.7%
Sedan
Forenza
60.7%
Wagon
Forenza
60.7%
SUV
Sidekick
57.4%
Sedan
Aerio
56.6%
Wagon
Aerio
56.6%
Sedan
Verona
54.1%
Hatchback
Reno
53.3%
SUV
X-90
52.5%
Quiz Playlist
Details
Report
Send in Message
Add To Playlist
Classic:
Type in answers that appear in a list
Last Updated: May 21, 2017
Quiz Scoreboard
CHALLENGE
Sign Up to Join the Scoreboard
Show All
Scores
Hide
Comments
May contain spoilers
Recently Published
1-10 Letter E Words III
by El_Dandy
Language
2m
One Thing in Common: World Cities II
by knightlancer
Geography
7m
Popular People in 1961
by mucciniale
History
6m
More to Explore
Quiz From the Vault
Featured Blog Post
Where Did the Easter Bunny Come From?
hide this ad
You Might Also Like...
Tags
Body
car
model
Style
Today's Top Quizzes in Miscellaneous
Browse Miscellaneous
hide this ad
Today's Top Quizzes in Style
Browse Style
Top Contributed Quizzes in Miscellaneous
1
The JOE quick-fire general knowledge quiz: Day 173
2
The JOE quick-fire general knowledge quiz: Day 172
3
Sunday Crossword: Famous Bodies of Water
4
Named After an Animal - Odd One Out!
5
sort kpop groups by number of members
6
One Thing in Common: United Kingdom II
7
The JOE quick-fire general knowledge quiz: Day 171
8
Lays Potato Chip Flavour Contest Finalists
9
The JOE quick-fire quiz: Day 170
10
Sunday Crossword: Themeless #5
Explore More
Trending Topics
Crossword
Kpop
Anime
Marvel
Harry Potter
NBA
Disney
Country
NFL
Song
Pokémon
Soccer
The Office
Puzzle
WWE
hide this ad
More By:
larryq
Quiz
Plays
Rating
Category
Featured
Created
List of Volkswagen Cars 1980-
363
3.60
Miscellaneous
Jun 8, 2017
List of Ford Cars 1980-
283
3.67
Miscellaneous
May 15, 2017
List of Toyota Cars 1980-
282
Miscellaneous
Jun 8, 2017
List of Subaru Cars 1980-
254
3.50
Miscellaneous
May 21, 2017
List of Mazda Cars 1980-
253
Miscellaneous
May 19, 2017
Go to Creator's Profile
Score Distribution
Quiz Creator Spotlight
larryq
Follow
Send a Message
Quizzes Created
-
Created Quiz Play Count
-
More By This Creator
Popular Quizzes Today
1
Find the US States - No Outlines Minefield
2
Find the Countries of Europe - No Outlines Minefield
3
The Countries of the World
4
Popular People in 1961
5
1-10 Letter E Words III
6
Find the US States
7
One Thing in Common: World Cities II
8
US States
More Miscellaneous Quizzes
Almost Useless Trivia XVIII
Published
Trending Quizzes
Risky Map Clicking: Least Populous States A-Z
1-10 Letter F Words
1-10 Letter G Words
One Thing in Common: United Kingdom
Risky Map Clicking: Biggest States A-Z
Recently Updated
Leaping Animals
pecheneg
Reality TV Shows (A-Z)
bhenderson79
Rickey Henderson's Hall of Fame Teammates
pecheneg
Champions League XIs: Arsenal
pecheneg
Quick Pick: Celebrities in WWE's Hall of Fame
aduchscher
A-Z Keypad Blitz II
pecheneg
Multiple Oscar Actors
pecheneg
Mystery Phrase Blitz: Oscar 'Best Actors'
pecheneg
F. Scott Fitzgerald Novels
LTH
Pick 3 Villains
ddd62291
Trending Topics
Harry Potter
Anime
Kpop
Marvel
Disney
NBA
Crossword
WWE
Pokémon
Country
The Office
Puzzle
NFL
Soccer
Song
Your Account Isn't Verified!
In order to create a playlist on Sporcle, you need to verify the email address you used during registration. Go to your
Sporcle Settings
to finish the process.
Report this User
Report this user for behavior that violates our
Community Guidelines
.
Details:
Send Report
Go to the Sporcle.com Mobile Site →
Comments